[Event "Rated Blitz game"]
[Site "?"]
[Date "2021.11.20"]
[Round "?"]
[White "Groupchess-com"]
[Black "KamranShirazi"]
[Result "1-0"]
[WhiteElo "2571"]
[BlackElo "2632"]
[PlyCount "97"]
[EventDate "2021.??.??"]
[EventType "blitz"]

1. e4 e5 2. Nf3 d5 3. exd5 e4 4. Qe2 Nf6 5. Nc3 Be7 6. Nxe4 Nxd5 7. Qd1 O-O 8.
d3 f5 9. Nc3 Bb4 10. Bd2 Re8+ 11. Be2 Bxc3 12. bxc3 Qf6 13. d4 c5 14. O-O Nc6
15. Bc4 Be6 16. Re1 Kh8 17. Bg5 Qg6 18. Qd2 h6 19. Ne5 Nxe5 20. Rxe5 Nxc3 21.
Bxe6 cxd4 22. Bxf5 Qxg5 23. Qxg5 hxg5 24. Rae1 Rxe5 25. Rxe5 g6 26. Bxg6 Kg7
27. Rxg5 Kf6 28. h4 Nxa2 29. f4 Nc3 30. h5 Ne2+ 31. Kf2 Nc3 32. Rf5+ Kg7 33.
Rf7+ Kg8 34. f5 a5 35. f6 a4 36. Rg7+ Kh8 37. Rh7+ Kg8 38. Rg7+ Kf8 39. Bh7
Ne4+ 40. Kf3 Ra6 41. Rxb7 Rxf6+ 42. Kxe4 a3 43. Ra7 Re6+ 44. Kxd4 Rh6 45. Bg6
Rxh5 46. Bxh5 Kg8 47. Rxa3 Kg7 48. Ra6 Kh7 49. Rd6 {Time forfeit} 1-0

[Event "Rated Blitz game"]
[Site "?"]
[Date "2021.11.20"]
[Round "?"]
[White "patrodgsfera"]
[Black "Roberto_Baggio1978"]
[Result "0-1"]
[WhiteElo "2627"]
[BlackElo "2570"]
[PlyCount "90"]
[EventDate "2021.??.??"]
[EventType "blitz"]

1. e4 e5 2. Nf3 d5 3. exd5 e4 4. Qe2 Nf6 5. Nc3 Be7 6. Nxe4 O-O 7. d3 Re8 8. c4
c6 9. dxc6 Nxc6 10. Be3 Bg4 11. O-O-O b5 12. h3 Bxf3 13. gxf3 bxc4 14. dxc4 Qa5
15. Kb1 Rab8 16. Qd2 Bb4 17. Qc2 Nxe4 18. fxe4 Bc3 19. Bc1 Nb4 20. Qb3 Bf6 21.
Bd2 Qc5 22. Be3 Qe5 23. Rd4 Nc6 24. f4 Qe7 25. e5 Rxb3 26. axb3 Nxd4 27. Bxd4
Qb7 28. Rg1 Qxb3 29. Bc3 Rb8 30. Kc1 Be7 31. e6 Bf6 32. Bxf6 Qe3+ 33. Kc2 Qxg1
34. exf7+ Kxf7 35. Be5 Qxf1 36. Bxb8 Qxc4+ 37. Kb1 Qf1+ 38. Ka2 Qxh3 39. Be5
Qd7 40. Kb1 h5 41. f5 h4 42. Bxg7 Qxf5+ 43. Ka2 Kxg7 44. Ka3 h3 45. Ka4 h2 {
Normal} 0-1

[Event "Rated Blitz tournament YE4N2wis"]
[Site "?"]
[Date "2021.11.20"]
[Round "?"]
[White "Euis_LuspikaD"]
[Black "DS_BBC"]
[Result "1-0"]
[WhiteElo "2367"]
[BlackElo "2490"]
[PlyCount "103"]
[EventDate "2021.??.??"]
[EventType "blitz"]

1. e4 e5 2. Nf3 d5 3. d4 dxe4 4. Nxe5 Bd6 5. Nd2 Nf6 6. Ndc4 O-O 7. Bg5 h6 8.
h4 Be7 9. Be3 Be6 10. Qd2 h5 11. Be2 Nc6 12. Nxc6 bxc6 13. Ne5 Bd6 14. Nxc6 Qe8
15. Ne5 Rb8 16. c3 c5 17. O-O cxd4 18. Bxd4 Rd8 19. Qg5 Be7 20. Qf4 Bd6 21. Qg5
Be7 22. Qe3 Bf5 23. f4 Nd5 24. Qc1 Bxh4 25. Bxa7 Bf6 26. Bd4 g6 27. a4 Qe6 28.
a5 Ne7 29. a6 Nc6 30. Nxc6 Qxc6 31. Bxf6 Qxf6 32. Qe3 Ra8 33. b4 Rfc8 34. c4
Rxa6 35. Rxa6 Qxa6 36. c5 Qa7 37. Rc1 Kg7 38. b5 Qb8 39. c6 Qd6 40. g3 Kg8 41.
Qc5 Qd2 42. Kf2 Re8 43. Qe3 Qd6 44. b6 Bc8 45. b7 Bxb7 46. cxb7 Rb8 47. Rc8+
Kh7 48. Rxb8 Qxb8 49. Qxe4 Qc7 50. Kg2 Kg7 51. Bf3 Kf8 52. Qc6 {Normal} 1-0

[Event "Rated Blitz game"]
[Site "?"]
[Date "2021.11.20"]
[Round "?"]
[White "magnus2022"]
[Black "batasjon"]
[Result "0-1"]
[WhiteElo "2546"]
[BlackElo "2424"]
[PlyCount "60"]
[EventDate "2021.??.??"]
[EventType "blitz"]

1. e4 e5 2. Nf3 d5 3. Nxe5 Bd6 4. d4 dxe4 5. Nc3 Nf6 6. Bg5 O-O 7. Bxf6 Qxf6 8.
Nxe4 Qe7 9. Bd3 Bxe5 10. dxe5 Qxe5 11. O-O Nc6 12. Re1 Qxb2 13. Ng5 h6 14. Nxf7
Kxf7 15. Bc4+ Kg6 16. Bd3+ Kf7 17. Qh5+ Kg8 18. Qg6 Ne7 19. Qh7+ Kf7 20. Bc4+
Kf6 21. Rad1 Bf5 22. Rxe7 Bxh7 23. Re6+ Kf5 24. g4+ Kxg4 25. Rd5 Rf4 26. Kg2
Bf5 27. h3+ Kg5 28. Re7 c6 29. Rd2 Qc3 30. Bd3 Qxd2 {Normal} 0-1

[Event "Rated Blitz tournament Qq5syAoT"]
[Site "?"]
[Date "2021.11.20"]
[Round "?"]
[White "ArkShak"]
[Black "batasjon"]
[Result "1-0"]
[WhiteElo "2471"]
[BlackElo "2438"]
[PlyCount "103"]
[EventDate "2021.??.??"]
[EventType "blitz"]

1. e4 e5 2. Nf3 d5 3. Nxe5 Bd6 4. d4 dxe4 5. Nc4 Nf6 6. Nxd6+ Qxd6 7. Be2 O-O
8. O-O Nc6 9. Be3 Rd8 10. c3 Ne7 11. Nd2 h6 12. Nc4 Qe6 13. Qb3 a5 14. Ne5 a4
15. Qxe6 Bxe6 16. c4 Nf5 17. d5 Nxe3 18. fxe3 Bc8 19. h3 Re8 20. Ng4 Nd7 21. b4
a3 22. c5 h5 23. Nf2 g6 24. Rab1 f5 25. g4 hxg4 26. h4 Ne5 27. Nh1 Kg7 28. Ng3
Nf3+ 29. Bxf3 exf3 30. Kf2 Bd7 31. Rfd1 Rh8 32. Rh1 Kf6 33. b5 b6 34. c6 Bc8
35. h5 g5 36. h6 f4 37. Nh5+ Kg6 38. exf4 Rxh6 39. Rbe1 Rxh5 40. Rxh5 Kxh5 41.
Re7 Ra5 42. Rxc7 Rxb5 43. d6 Rb2+ 44. Ke3 Re2+ 45. Kd3 Ba6+ 46. Kc3 f2 47. d7
f1=Q 48. d8=Q Qc1+ 49. Kd4 Rd2+ 50. Ke5 Qe1+ 51. Kf6 Rxd8 52. Rh7# {Normal} 1-0

[Event "Rated Blitz game"]
[Site "?"]
[Date "2021.11.20"]
[Round "?"]
[White "AGMJoseMF"]
[Black "DanielPerchman"]
[Result "1-0"]
[WhiteElo "2468"]
[BlackElo "2470"]
[PlyCount "129"]
[EventDate "2021.??.??"]
[EventType "blitz"]

1. e4 e5 2. Nf3 d5 3. Nxe5 Bd6 4. d4 dxe4 5. Ng4 f5 6. Ne3 Nf6 7. Bc4 Nc6 8. c3
Bd7 9. Na3 a6 10. Bd2 Ke7 11. Nac2 Re8 12. Qe2 Kf8 13. O-O-O f4 14. Nd5 Bg4 15.
Qe1 Bxd1 16. Qxd1 Nxd5 17. Bxd5 Qg5 18. Bc4 e3 19. fxe3 fxe3 20. Rf1+ Bf4 21.
Nxe3 Re4 22. g3 Ke8 23. gxf4 Qe7 24. Nd5 Qd6 25. Re1 Rxe1 26. Qxe1+ Kf8 27. Qh4
Na5 28. Ne3 Nxc4 29. Nxc4 Qe6 30. Ne5 Qf5 31. Qg5 Qxg5 32. fxg5 Re8 33. Bf4 Ke7
34. Kc2 Ke6 35. Kd3 Kf5 36. Bd2 c6 37. b4 a5 38. a3 axb4 39. axb4 Ra8 40. h4
Ra1 41. h5 Rh1 42. h6 gxh6 43. gxh6 Rh3+ 44. Kc4 Ke4 45. Nd7 Rh2 46. Nc5+ Kf5
47. Bc1 b5+ 48. Kd3 Rh3+ 49. Be3 Rh1 50. Ne4 Rh3 51. Nd6+ Ke6 52. Ne4 Kd5 53.
Nf6+ Ke6 54. Nxh7 Kf5 55. Nf8 Kf6 56. h7 Kf7 57. Nd7 Rxh7 58. Ne5+ Ke6 59. Nxc6
Kd5 60. Ne5 Rh1 61. Ng6 Rd1+ 62. Bd2 Rf1 63. Nf4+ Kd6 64. Ne2 Rf3+ 65. Be3 {
Time forfeit} 1-0

[Event "Rated Blitz tournament Qq5syAoT"]
[Site "?"]
[Date "2021.11.20"]
[Round "?"]
[White "mared2"]
[Black "chesswhite1990"]
[Result "0-1"]
[WhiteElo "2437"]
[BlackElo "2247"]
[PlyCount "122"]
[EventDate "2021.??.??"]
[EventType "blitz"]

1. e4 e5 2. Nf3 d5 3. exd5 e4 4. Qe2 Nf6 5. d3 Qxd5 6. Bg5 Be7 7. Bxf6 Bxf6 8.
dxe4 Qe6 9. e5 Be7 10. Nbd2 O-O 11. Qc4 Qf5 12. Bd3 Qh5 13. O-O-O Be6 14. Qxc7
Bg5 15. Qxb7 Nd7 16. Nxg5 Qxg5 17. Kb1 Rab8 18. Qe4 g6 19. f4 Qe7 20. Nb3 Nc5
21. Nxc5 Qxc5 22. b3 a5 23. Rhe1 a4 24. Qxa4 Ra8 25. Qb5 Qa3 26. Bc4 Qxa2+ 27.
Kc1 Bf5 28. Bd3 Bxd3 29. Rxd3 Rfc8 30. Re2 Rab8 31. Qd5 Qa3+ 32. Kd1 Qb4 33.
Re4 Qb6 34. Red4 h5 35. h3 Kg7 36. g4 Rd8 37. Qe4 Rxd4 38. Qxd4 Qc6 39. f5 Qh1+
40. Kd2 Qg2+ 41. Kc1 Qf1+ 42. Kb2 Ra8 43. e6+ Kh7 44. fxg6+ fxg6 45. Rd1 Qf8
46. Qd7+ Kh6 47. e7 Qf6+ 48. Rd4 Re8 49. g5+ Kxg5 50. h4+ Kh6 51. Qxe8 Qxd4+
52. Ka3 Qa7+ 53. Kb4 Qb6+ 54. Kc4 Qc7+ 55. Kd5 Qb7+ 56. Ke6 Qe4+ 57. Kd7 Qb7+
58. Ke6 Qb6+ 59. Kf7 Qf2+ 60. Kg8 Qf6 61. Qf8+ Qg7+ {Time forfeit} 0-1

[Event "Rated Blitz tournament Qq5syAoT"]
[Site "?"]
[Date "2021.11.20"]
[Round "?"]
[White "Hamel25"]
[Black "batasjon"]
[Result "0-1"]
[WhiteElo "2252"]
[BlackElo "2428"]
[PlyCount "52"]
[EventDate "2021.??.??"]
[EventType "blitz"]

1. e4 e5 2. Nf3 d5 3. d4 dxe4 4. Nxe5 Bd6 5. Nc4 Nf6 6. Nxd6+ Qxd6 7. Nc3 O-O
8. Be2 Nc6 9. Be3 Rd8 10. Nb5 Qe7 11. c3 Ne5 12. Qc2 Neg4 13. O-O-O Nxe3 14.
fxe3 a6 15. Na3 b5 16. h4 Nd5 17. Qd2 Rb8 18. c4 bxc4 19. Bxc4 Nb4 20. Rdg1 Be6
21. Bxe6 Qxe6 22. b3 c5 23. Nc4 cxd4 24. exd4 Nd3+ 25. Kb1 Qxc4 26. Ka1 Qxd4+ {
Normal} 0-1

[Event "Rated Blitz tournament Qq5syAoT"]
[Site "?"]
[Date "2021.11.20"]
[Round "?"]
[White "chesswhite1990"]
[Black "batasjon"]
[Result "1-0"]
[WhiteElo "2241"]
[BlackElo "2444"]
[PlyCount "123"]
[EventDate "2021.??.??"]
[EventType "blitz"]

1. e4 e5 2. Nf3 d5 3. exd5 e4 4. Qe2 Nf6 5. d3 Qxd5 6. dxe4 Qxe4 7. Qxe4+ Nxe4
8. Bd3 Nc5 9. O-O Nxd3 10. cxd3 f6 11. Nc3 c6 12. Re1+ Kf7 13. d4 Be6 14. h4
Na6 15. a3 Rd8 16. Be3 Bb3 17. Rac1 Nc7 18. Nd2 Bd5 19. Nf3 Bxf3 20. gxf3 Nd5
21. Nxd5 Rxd5 22. Rc3 Be7 23. Rb3 Rd7 24. Rd1 Rhd8 25. a4 a6 26. a5 h5 27. Rb6
Bf8 28. Rd3 Re7 29. Rdb3 Rdd7 30. d5 cxd5 31. Bd4 Ke8 32. Kg2 Kd8 33. Bc5 Rf7
34. Bxf8 Rxf8 35. Rxb7 Rff7 36. Rb8+ Ke7 37. Re3+ Kd6 38. Rb6+ Kc5 39. Rc3+ Kd4
40. f4 Ke4 41. Rxa6 d4 42. f3+ Kxf4 43. Rd3 Rfe7 44. Kf2 Re5 45. b4 Rb5 46. Rb6
Rxb6 47. axb6 Ke5 48. Ke2 Rb7 49. Rb3 Rxb6 50. Kd3 Kd5 51. b5 Kc5 52. Ke4 g6
53. f4 Kc4 54. Rb1 Re6+ 55. Kf3 Re3+ 56. Kf2 Re7 57. b6 Rb7 58. Kf3 Kc5 59. f5
g5 60. hxg5 fxg5 61. f6 h4 62. Ke4 {Time forfeit} 1-0

[Event "Rated Blitz tournament Qq5syAoT"]
[Site "?"]
[Date "2021.11.20"]
[Round "?"]
[White "Shamsutdin"]
[Black "batasjon"]
[Result "1-0"]
[WhiteElo "2423"]
[BlackElo "2438"]
[PlyCount "129"]
[EventDate "2021.??.??"]
[EventType "blitz"]

1. e4 e5 2. Nf3 d5 3. Nc3 dxe4 4. Nxe4 f5 5. Nc3 e4 6. Ne5 Qd4 7. Nc4 Be6 8. b3
Nc6 9. Be2 O-O-O 10. O-O Nf6 11. d3 Qxc3 12. Bb2 Qb4 13. a3 Qb5 14. a4 Qd5 15.
a5 a6 16. Qc1 Nd4 17. Bd1 exd3 18. cxd3 Kb8 19. b4 Bxb4 20. Qg5 Rhg8 21. Rb1
Bc5 22. Bxd4 Qxd4 23. Bf3 Bd5 24. Bxd5 Qxd5 25. Qf4 g5 26. Qg3 f4 27. Qh3 g4
28. Qh6 Qg5 29. Qxg5 Rxg5 30. Rfc1 g3 31. Nd2 Bxf2+ 32. Kf1 Be3 33. Ke2 Re5 34.
Rc2 Red5 35. Rcb2 b6 36. axb6 Bxb6 37. Nc4 Nd7 38. hxg3 fxg3 39. Na5 Re8+ 40.
Kf3 Re6 41. Nc4 Rf5+ 42. Kg4 Rf7 43. Nxb6 cxb6 44. Kxg3 Rg6+ 45. Kh2 Ne5 46.
Re2 Rf5 47. d4 Ng4+ 48. Kg1 Rd6 49. Re8+ Kc7 50. Re7+ Rd7 51. Re4 Rb5 52. Rc1+
Kb7 53. Rxg4 a5 54. Ra1 Rb4 55. Rf4 Rbxd4 56. Rff1 Rd2 57. Rf2 Rxf2 58. Kxf2
Rd2+ 59. Ke3 Rb2 60. Kd3 Ka6 61. Kc3 Rxg2 62. Rh1 Rg5 63. Rxh7 Rc5+ 64. Kb3
Rb5+ 65. Ka3 {Time forfeit} 1-0

[Event "Rated Blitz game"]
[Site "?"]
[Date "2021.11.20"]
[Round "?"]
[White "imakot"]
[Black "VVV-31"]
[Result "1/2-1/2"]
[WhiteElo "2449"]
[BlackElo "2313"]
[PlyCount "50"]
[EventDate "2021.??.??"]
[EventType "blitz"]

1. e4 e5 2. Nf3 d5 3. exd5 Bd6 4. d4 e4 5. Ne5 Nf6 6. c4 c5 7. Be3 cxd4 8. Bxd4
O-O 9. Nc3 Bf5 10. c5 Bxe5 11. Bxe5 Nbd7 12. Bd4 Rc8 13. b4 a5 14. a3 Re8 15.
Be2 Nf8 16. Bc4 e3 17. Bxe3 Ng4 18. Qf3 Nxe3 19. fxe3 Qh4+ 20. Kd2 Qxc4 21.
Qxf5 axb4 22. axb4 Qxb4 23. Rhc1 Rxc5 24. Rab1 Qh4 25. Rxb7 f6 {Normal} 1/2-1/2

[Event "Rated Blitz tournament Qq5syAoT"]
[Site "?"]
[Date "2021.11.20"]
[Round "?"]
[White "klotera"]
[Black "Accomplishment"]
[Result "1-0"]
[WhiteElo "2576"]
[BlackElo "2246"]
[PlyCount "69"]
[EventDate "2021.??.??"]
[EventType "blitz"]

1. e4 e5 2. Nf3 d5 3. Nxe5 Bd6 4. d4 dxe4 5. Nc4 Nf6 6. Nc3 O-O 7. Bg5 Be7 8.
Qd2 Nc6 9. O-O-O Bf5 10. h3 h6 11. Bh4 Bb4 12. a3 Bxc3 13. Qxc3 g5 14. Bg3 Nd5
15. Qd2 b5 16. Ne5 Nxe5 17. dxe5 c6 18. h4 Qe7 19. hxg5 hxg5 20. Rh5 e3 21.
fxe3 Bg4 22. Be2 Bxh5 23. Bxh5 Qe6 24. e4 Nf4 25. Bxf4 gxf4 26. Qxf4 f5 27. Rd6
Qe7 28. Rg6+ Kf7 29. exf5 Rh8 30. g4 Rxh5 31. gxh5 Rh8 32. e6+ Ke8 33. Qb8+ Qd8
34. Qxd8+ Kxd8 35. f6 {Normal} 1-0

[Event "Rated Blitz tournament muCu1ePZ"]
[Site "?"]
[Date "2021.11.20"]
[Round "?"]
[White "Merlorosso"]
[Black "Siebenschlaefer"]
[Result "0-1"]
[WhiteElo "2356"]
[BlackElo "2409"]
[PlyCount "54"]
[EventDate "2021.??.??"]
[EventType "blitz"]

1. e4 e5 2. Nf3 d5 3. d3 dxe4 4. dxe4 Qxd1+ 5. Kxd1 Bd6 6. Nbd2 Nc6 7. c3 Bd7
8. Kc2 O-O-O 9. Nc4 f6 10. Nxd6+ cxd6 11. Bc4 Nge7 12. Rd1 Kc7 13. b4 Bg4 14.
h3 Bh5 15. a4 Rhf8 16. a5 Bg6 17. Bd3 d5 18. Nd2 f5 19. exd5 Nxd5 20. Bb5
Ndxb4+ 21. cxb4 Nd4+ 22. Kb2 Nxb5 23. Kc2 f4+ 24. Kb3 Rd3+ 25. Ka4 Nc3+ 26. Kb3
Nxd1+ 27. Kc2 Nxf2 {Normal} 0-1

[Event "Rated Blitz game"]
[Site "?"]
[Date "2021.11.20"]
[Round "?"]
[White "LevPaukman"]
[Black "RCompany_1"]
[Result "1-0"]
[WhiteElo "2568"]
[BlackElo "2408"]
[PlyCount "101"]
[EventDate "2021.??.??"]
[EventType "blitz"]

1. e4 e5 2. Nf3 d5 3. Nxe5 Bd6 4. d4 dxe4 5. Nc4 Be7 6. Bf4 Nf6 7. h3 Nc6 8. c3
O-O 9. Ne3 Nd5 10. Nxd5 Qxd5 11. Be2 Bd6 12. Bxd6 Qxd6 13. O-O f5 14. Nd2 Be6
15. Bc4 Rad8 16. Bxe6+ Qxe6 17. Qb3 Qxb3 18. axb3 a6 19. b4 Rd5 20. Rfe1 Rfd8
21. Nb3 Kf7 22. Nc5 Rb8 23. f3 exf3 24. gxf3 Kf6 25. Re6+ Kg5 26. Kf2 Kh4 27.
Rg1 g6 28. Nd3 Rd6 29. Re3 Nxd4 30. cxd4 Rxd4 31. f4 Rbd8 32. Ke2 Re4 33. Rgg3
Rdd4 34. Rxe4 fxe4 35. Nf2 Rxb4 36. b3 a5 37. Rg4+ Kh5 38. Rg3 a4 39. bxa4 Rxa4
40. Rg5+ Kh6 41. Re5 b6 42. Nxe4 c5 43. Re7 g5 44. fxg5+ Kg6 45. Kf3 c4 46. Kf4
b5 47. Re6+ Kg7 48. Rc6 Ra7 49. Kf5 Rf7+ 50. Nf6 Rb7 51. Rc8 {Time forfeit} 1-0

[Event "Rated Blitz game"]
[Site "?"]
[Date "2021.11.20"]
[Round "?"]
[White "alexandr_gorokhov"]
[Black "Artem_0degov"]
[Result "1-0"]
[WhiteElo "2528"]
[BlackElo "2567"]
[PlyCount "25"]
[EventDate "2021.??.??"]
[EventType "blitz"]

1. e4 e5 2. Nf3 d5 3. Nxe5 Bd6 4. d4 dxe4 5. Bf4 Bf8 6. Bc4 Qf6 7. Bxf7+ Ke7 8.
Qd2 h6 9. Qb4+ Qd6 10. Ng6+ Kxf7 11. Nxh8+ Ke8 12. Bxd6 Bxd6 13. Qc4 {Normal}
1-0

[Event "Rated Blitz game"]
[Site "?"]
[Date "2021.11.20"]
[Round "?"]
[White "hmnotanatix"]
[Black "RCompany_1"]
[Result "0-1"]
[WhiteElo "2508"]
[BlackElo "2395"]
[PlyCount "46"]
[EventDate "2021.??.??"]
[EventType "blitz"]

1. e4 e5 2. Nf3 d5 3. exd5 e4 4. Qe2 Nf6 5. c4 c6 6. dxc6 Nxc6 7. d4 Nxd4 8.
Nxd4 Qxd4 9. Nc3 Bg4 10. f3 Bh5 11. Nxe4 O-O-O 12. Be3 Bb4+ 13. Kf2 Nxe4+ 14.
fxe4 Qf6+ 15. Kg1 Bxe2 16. Bxe2 Qe5 17. Bf3 Bc5 18. Bxc5 Qxc5+ 19. Kf1 Rd2 20.
Be2 Qe3 21. Re1 Rhd8 22. h4 Rxe2 23. Rh3 Rxe1# {Normal} 0-1

[Event "Rated Blitz game"]
[Site "?"]
[Date "2021.11.20"]
[Round "?"]
[White "SomeCM"]
[Black "RCompany_1"]
[Result "1-0"]
[WhiteElo "2461"]
[BlackElo "2418"]
[PlyCount "87"]
[EventDate "2021.??.??"]
[EventType "blitz"]

1. e4 e5 2. Nf3 d5 3. exd5 e4 4. Qe2 Nf6 5. d3 Qxd5 6. Nbd2 Nc6 7. dxe4 Qh5 8.
Qb5 Bc5 9. Nb3 Nxe4 10. Be3 Bb4+ 11. c3 Qxb5 12. Bxb5 Nxc3 13. bxc3 Bxc3+ 14.
Ke2 Bxa1 15. Rxa1 O-O 16. Bf4 Nb4 17. Bxc7 Be6 18. Nfd4 a6 19. Nxe6 fxe6 20.
Bd6 axb5 21. Bxb4 Rfc8 22. a3 Rc2+ 23. Nd2 Kf7 24. Rb1 Rd8 25. Rb3 Rd5 26. g4
Ra2 27. Rc3 Rd4 28. Rc7+ Kg6 29. f3 h5 30. h3 hxg4 31. hxg4 e5 32. Ke3 Rd5 33.
Rxb7 Ra1 34. Rb6+ Kg5 35. Ne4+ Kh4 36. Nc5 Kg3 37. Rxb5 Rf1 38. Ne4+ Kg2 39.
Rxd5 Rxf3+ 40. Kd2 Rf4 41. Nc3 e4 42. Ne2 Rf2 43. Ke3 Rf3+ 44. Kxe4 {Normal}
1-0

[Event "Rated Blitz game"]
[Site "?"]
[Date "2021.11.20"]
[Round "?"]
[White "monty82"]
[Black "Blitzdorf"]
[Result "0-1"]
[WhiteElo "2554"]
[BlackElo "2534"]
[PlyCount "30"]
[EventDate "2021.??.??"]
[EventType "blitz"]

1. e4 e5 2. Nf3 d5 3. exd5 e4 4. Qe2 Nf6 5. d3 Qxd5 6. Nc3 Bb4 7. Bd2 Bxc3 8.
Bxc3 O-O 9. Bxf6 exf3 10. Qe5 Qxe5+ 11. Bxe5 Re8 12. d4 f6 13. Bc4+ Be6 14.
Bxe6+ Rxe6 15. O-O-O fxg2 {Normal} 0-1

[Event "Rated Blitz game"]
[Site "?"]
[Date "2021.11.20"]
[Round "?"]
[White "Rafael18"]
[Black "Artem_0degov"]
[Result "0-1"]
[WhiteElo "2477"]
[BlackElo "2576"]
[PlyCount "20"]
[EventDate "2021.??.??"]
[EventType "blitz"]

1. e4 e5 2. Nf3 d5 3. exd5 e4 4. Qe2 Nf6 5. Nc3 Be7 6. Nxe4 O-O 7. Nxf6+ Bxf6
8. Qc4 Re8+ 9. Be2 b6 10. b4 Bxa1 {Normal} 0-1

[Event "Rated Blitz tournament Qq5syAoT"]
[Site "?"]
[Date "2021.11.20"]
[Round "?"]
[White "Shamsutdin"]
[Black "batasjon"]
[Result "0-1"]
[WhiteElo "2429"]
[BlackElo "2432"]
[PlyCount "90"]
[EventDate "2021.??.??"]
[EventType "blitz"]

1. e4 e5 2. Nf3 d5 3. Nxe5 Bd6 4. d4 dxe4 5. Nc4 Nf6 6. Nxd6+ Qxd6 7. Be2 O-O
8. Be3 Nc6 9. c3 Nd5 10. Nd2 f5 11. Nc4 Qe7 12. g3 Kh8 13. Qc2 Be6 14. O-O-O b5
15. Nd2 Rab8 16. Kb1 a5 17. h4 a4 18. a3 Na5 19. h5 Nxe3 20. fxe3 Nc4 21. Nxc4
Bxc4 22. Bxc4 bxc4 23. Qxa4 Rb3 24. Qxc4 Rfb8 25. Rh2 Qxa3 26. Rdd2 Ra8 27. Kc2
Rxb2+ 28. Kd1 Qa1+ 29. Ke2 Rb1 30. Kf2 Rg1 31. Qe2 Rb8 32. h6 Rbb1 33. hxg7+
Kxg7 34. Rxh7+ Kxh7 35. Qh5+ Kg7 36. Qg5+ Kf7 37. Qxf5+ Ke7 38. Qxe4+ Kd7 39.
Qd5+ Kc8 40. Qe6+ Kb8 41. Kf3 Rbf1+ 42. Kg4 Rf8 43. Qe7 Rgf1 44. Qb4+ Kc8 45.
Rb2 Qd1+ {Time forfeit} 0-1

[Event "Rated Blitz tournament Qq5syAoT"]
[Site "?"]
[Date "2021.11.20"]
[Round "?"]
[White "MiasnikovOleg"]
[Black "batasjon"]
[Result "0-1"]
[WhiteElo "2382"]
[BlackElo "2442"]
[PlyCount "62"]
[EventDate "2021.??.??"]
[EventType "blitz"]

1. e4 e5 2. Nf3 d5 3. Nxe5 Bd6 4. d4 dxe4 5. Nc4 Nf6 6. Bg5 O-O 7. Nc3 Be7 8.
Be2 Nc6 9. d5 Nxd5 10. Bxe7 Ncxe7 11. Nxe4 Be6 12. O-O Nf4 13. Ne3 Qd4 14. Nc3
Qc5 15. Bf3 Rad8 16. Qe1 Nc6 17. Rd1 Nd4 18. Be4 c6 19. Rd2 Qg5 20. g3 Bh3 21.
Ng2 Nxg2 22. Bxg2 Bxg2 23. Kxg2 Nf3 24. Kxf3 Rxd2 25. Kg2 Rxc2 26. Qb1 Rd2 27.
h4 Qd8 28. b3 Re8 29. Re1 g6 30. Ne4 Qd5 31. Kh2 Rxe4 {Time forfeit} 0-1

[Event "Rated Blitz game"]
[Site "?"]
[Date "2021.11.20"]
[Round "?"]
[White "karjanr"]
[Black "GoughPhar"]
[Result "1-0"]
[WhiteElo "2450"]
[BlackElo "2474"]
[PlyCount "47"]
[EventDate "2021.??.??"]
[EventType "blitz"]

1. e4 e5 2. Nf3 d5 3. Nc3 d4 4. Ne2 Bd6 5. d3 c5 6. g3 Nc6 7. Bg2 Be6 8. Nh4 f6
9. Nf5 Bxf5 10. exf5 Nge7 11. f4 Nxf5 12. fxe5 fxe5 13. O-O O-O 14. Bd5+ Kh8
15. Be4 Nfe7 16. Bg5 Rxf1+ 17. Qxf1 Qf8 18. Qh3 h6 19. Rf1 Qc8 20. Qh4 Qe6 21.
Rf6 gxf6 22. Qxh6+ Kg8 23. Bxf6 Qf7 24. Qh8# {Normal} 1-0

[Event "Rated Blitz game"]
[Site "?"]
[Date "2021.11.20"]
[Round "?"]
[White "liverpool2021"]
[Black "Tamrik2"]
[Result "1-0"]
[WhiteElo "2404"]
[BlackElo "2467"]
[PlyCount "105"]
[EventDate "2021.??.??"]
[EventType "blitz"]

1. e4 e5 2. Nf3 d5 3. exd5 e4 4. Qe2 Nf6 5. d3 Qxd5 6. dxe4 Qxe4 7. Nc3 Qxe2+
8. Bxe2 a6 9. Bg5 Bb4 10. O-O-O Bxc3 11. bxc3 Be6 12. Rhe1 O-O 13. Bxf6 gxf6
14. Kb2 Nc6 15. Nd4 Nxd4 16. cxd4 c6 17. Bd3 Rad8 18. Re3 f5 19. c3 Kg7 20.
Rg3+ Kf6 21. Re1 Rg8 22. Ree3 Rg6 23. f4 Rg4 24. Rxg4 fxg4 25. g3 Rd5 26. Re5
h6 27. a3 Rxe5 28. dxe5+ Ke7 29. f5 Bd5 30. c4 Bf3 31. Kc3 c5 32. Kd2 Bc6 33.
Ke3 b5 34. Kf4 b4 35. axb4 cxb4 36. f6+ Kf8 37. Be4 Bd7 38. c5 a5 39. c6 Bc8
40. Bf5 Ba6 41. c7 b3 42. c8=Q+ Bxc8 43. Bxc8 a4 44. e6 fxe6 45. Bxe6 b2 46.
Ba2 b1=Q 47. Bxb1 Kf7 48. Kf5 h5 49. Ba2+ Kf8 50. Kg6 a3 51. Kxh5 Ke8 52. Kg5
Kf8 53. Kxg4 {Normal} 1-0

[Event "Rated Rapid game"]
[Site "?"]
[Date "2021.11.20"]
[Round "?"]
[White "mhamadfandy"]
[Black "SuperNezh"]
[Result "1-0"]
[WhiteElo "2489"]
[BlackElo "2493"]
[PlyCount "123"]
[EventDate "2021.??.??"]
[EventType "rapid"]

1. e4 e5 2. Nf3 d5 3. d4 Nf6 4. exd5 e4 5. Ne5 Qxd5 6. Bc4 Qa5+ 7. Bd2 Qb6 8.
Bxf7+ Kd8 9. Bc3 Be6 10. Bxe6 Qxe6 11. O-O Bd6 12. Re1 Nd5 13. Rxe4 Qf5 14. Qg4
g6 15. Qxf5 gxf5 16. Re1 Re8 17. Nf7+ Kd7 18. Rxe8 Kxe8 19. Nxd6+ cxd6 20. Bd2
Nc6 21. c3 b5 22. Na3 a6 23. Nc2 Kd7 24. Re1 Rg8 25. Kf1 Nce7 26. g3 h5 27. Ne3
Nf6 28. f3 a5 29. b3 f4 30. gxf4 Nfd5 31. Nxd5 Nxd5 32. c4 bxc4 33. bxc4 Ne7
34. Bxa5 Ra8 35. Bd2 Rxa2 36. Rxe7+ Kxe7 37. Ke2 Kf6 38. Kd3 Kf5 39. c5 dxc5
40. dxc5 Ke6 41. Be3 Rxh2 42. f5+ Kxf5 43. c6 Ke6 44. c7 Kd7 45. Bf4 Rb2 46.
Bg3 Rg2 47. Bh4 Kxc7 48. Ke4 Rh2 49. Bg3+ Kd7 50. Bxh2 Ke6 51. Kf4 Kf7 52. Kg5
Kg7 53. Kxh5 Kh7 54. Kg5 Kg7 55. f4 Kf7 56. f5 Kf8 57. Bd6+ Kf7 58. Ba3 Kg8 59.
Kg6 Kh8 60. f6 Kg8 61. f7+ Kh8 62. f8=Q# {Normal} 1-0

[Event "Rated Blitz game"]
[Site "?"]
[Date "2021.11.20"]
[Round "?"]
[White "alidomat"]
[Black "komendart"]
[Result "1/2-1/2"]
[WhiteElo "2426"]
[BlackElo "2491"]
[PlyCount "134"]
[EventDate "2021.??.??"]
[EventType "blitz"]

1. e4 e5 2. Nf3 d5 3. d4 dxe4 4. Nxe5 Bd6 5. f4 exf3 6. Qxf3 Nf6 7. Bd3 O-O 8.
O-O Bxe5 9. dxe5 Qd4+ 10. Qe3 Qxe3+ 11. Bxe3 Nd5 12. Bd2 Nc6 13. Nc3 Nxc3 14.
Bxc3 Be6 15. a3 Rad8 16. b4 Rd5 17. Rfe1 Rfd8 18. Be4 R5d7 19. Bxc6 bxc6 20.
Kf2 Rd5 21. h3 c5 22. b5 c4 23. a4 h5 24. Ke2 Kf8 25. Red1 Ke7 26. Rxd5 Rxd5
27. Rd1 Rxd1 28. Kxd1 Bd5 29. g3 Ke6 30. Bd4 Kf5 31. Ke2 Ke4 32. c3 g6 33. Bxa7
Kxe5 34. Bb8 Kd6 35. b6 Kd7 36. Bxc7 Kc6 37. Ke3 Be6 38. h4 Kb7 39. Kd4 Ka6 40.
Kc5 Bd7 41. a5 Be6 42. Kc6 Bg4 43. Kd6 Bf3 44. Kd7 Be4 45. Kc8 Bf3 46. Kd8 Be4
47. Ke7 Bd5 48. Kf6 Be6 49. Ke5 Bg4 50. Kd4 Be2 51. Kc5 Bf1 52. Bf4 Be2 53. Bg5
Bf1 54. Bd8 Be2 55. Kd6 Bf3 56. Kc7 Be4 57. Kc8 Bf3 58. Kb8 Be4 59. Kc7 Bf3 60.
Kd6 Be4 61. Kc5 Bd3 62. Kd4 Be2 63. Ke3 Bf1 64. Kf4 Be2 65. Ke3 Bf1 66. Kf2 Bd3
67. Ke3 Bf1 {Normal} 1/2-1/2

[Event "Rated Blitz game"]
[Site "?"]
[Date "2021.11.20"]
[Round "?"]
[White "lancerisimo"]
[Black "Konevoyazher"]
[Result "0-1"]
[WhiteElo "2409"]
[BlackElo "2324"]
[PlyCount "102"]
[EventDate "2021.??.??"]
[EventType "blitz"]

1. e4 e5 2. Nf3 d5 3. exd5 e4 4. Qe2 Nf6 5. d3 Qxd5 6. Nc3 Bb4 7. Bd2 Bxc3 8.
Bxc3 O-O 9. Bxf6 exf3 10. Qe5 Qxe5+ 11. Bxe5 Re8 12. d4 f6 13. Bc4+ Kh8 14. Bf7
Re7 15. O-O-O fxe5 16. Bh5 fxg2 17. Rhg1 Bh3 18. dxe5 Nc6 19. f4 g6 20. Bf3 Rd8
21. Bxg2 Rxd1+ 22. Kxd1 Bxg2 23. Rxg2 Nd4 24. c3 Nf5 25. Ke2 c6 26. Rg1 Kg7 27.
Rd1 Kf7 28. Kf3 Ke6 29. Ke4 Rd7 30. Rh1 Rd2 31. b4 Rxa2 32. Kd3 Rf2 33. Ke4
Re2+ 34. Kd3 Re3+ 35. Kc4 Re4+ 36. Kc5 Rxf4 37. Rd1 Re4 38. Rd8 Rxe5+ 39. Kc4
Nd6+ 40. Kb3 Rh5 41. Ra8 a6 42. c4 Rh3+ 43. Ka4 Nxc4 44. b5 axb5+ 45. Kb4 Nd6
46. Kc5 Rxh2 47. Rg8 Rh5+ 48. Kb6 b4 49. Rf8 b3 50. Rf3 b2 51. Rb3 Rb5+ {Normal
} 0-1